Načítá se...
CHESS PROBLEMS AND HOW TO SOLVE THEM
| Hlavní autor: | |
|---|---|
| Médium: | Printed Book |
| Vydáno: |
LONDON
LEEDS: WHITEHEAD AND MILLER LTD
1923
|
| Témata: |
| LEADER | 00471nam a2200169 4500 | ||
|---|---|---|---|
| 020 | |||
| 082 | |a 794.1 LAW | ||
| 100 | |a LAWS B G | ||
| 245 | |a CHESS PROBLEMS AND HOW TO SOLVE THEM |h English | ||
| 250 | |||
| 260 | |a LONDON |b LEEDS: WHITEHEAD AND MILLER LTD |c 1923 | ||
| 300 | |a 152 p |f PB | ||
| 650 | |a CHESS | ||
| 700 | |||
| 942 | |c REF | ||
| 999 | |c 151566 |d 151566 | ||
| 952 | |0 0 |1 0 |4 0 |6 794_100000000000000_LAW |7 0 |9 165025 |a ORI |b ORI |l 0 |o 794.1 LAW |p ORIR953/E |r 2019-10-25 |w 2019-10-25 |y REF | ||